Lisa - Elastigirl (Lyrics) - Statistics

General Stats
  • This quiz has been taken 25 times
  • The average score is 302 of 424
Answer Stats
Lyrics % Correct
a
100%
a,
100%
I
100%
I'm
100%
so
94%
elastic
88%
Elastic
88%
Flex
88%
flex
88%
it
88%
me
88%
me,
88%
you
88%
You
88%
girl,
82%
girl
82%
my
82%
of
82%
am
76%
like
76%
no
76%
the
76%
your
76%
baby,
71%
Baby,
71%
body
71%
it's
71%
Mr.
71%
Oh,
71%
on
71%
plastic
71%
this
71%
world,
71%
world
71%
an
65%
be
65%
bounce
65%
can
65%
Fantastic
65%
flexible
65%
hard,
65%
Incredible
65%
made
65%
Miss
65%
now
65%
show
65%
watch
65%
Wrap
65%
and
59%
And
59%
around
59%
calling
59%
down
59%
out
59%
performance,
59%
right
59%
'round
59%
Stretch
59%
stretch
59%
try
59%
unforgettable
59%
ain't
53%
drop
53%
la-la-la-la
53%
that
53%
don't
47%
from
47%
know
47%
make
47%
wanna
47%
where
47%
bend
41%
came
41%
classic
41%
for
41%
got
41%
I'ma
41%
that's
41%
acrobat
35%
hit
35%
life
35%
think
35%
Twist
35%
You'll
35%
back,
29%
change
29%
fast
29%
ground
29%
snap
29%
spend
29%
tight,
29%
won't
29%
believe
24%
'Cause
24%
eye
24%
flight,
24%
leave
24%
metaphor
24%
mind
24%
my-my
24%
never
24%
ride,
24%
ride
24%
rocks
24%
Swipe
24%
gonna
18%
good,
18%
had
18%
up
18%
divine
12%
Dress
12%
light
12%
top,
12%
eyes
6%
itty-bom-bom
6%
Catched
0%
medrop
0%
No matching quizzes found
Score Distribution
Percent of People with Each Score
Percentile by Number Answered
Your Score History
You have not taken this quiz